Reconnaître les personnages pixélisés - Débutant - Statistiques

Statistiques générales
  • Ce quiz a été pris 66 fois
  • Le résultat moyen est 13 sur 16
Statistiques - réponses
Par images Réponse % Correct
Dora l'exploratrice
100%
Bob l'éponge
98%
Winnie l'ourson
98%
Peppa Pig
97%
Hello Kitty
92%
Oggy et les cafards
90%
Tchoupi
90%
Les Daltons
89%
Scooby Doo
85%
Les Simpson
82%
Picsou
77%
Samsam
77%
L'âne Trotro
74%
South Park
67%
My Little Pony
64%
Le laboratoire de Dexter
56%
Aucun quiz correspondant
Distribution des résultats
% des personnes avec chaque résultat
Percentile par nombre de réponses
Votre historique - résultats
Vous n’avez pas pris ce quiz